Memoria sobre emigración, inmigración i colonización, dedicada al Sr. D. Antonio Varas por V. P. R
Shranjeno v:
| Glavni avtor: | |
|---|---|
| Format: | Knjiga |
| Jezik: | španščina |
| Izdano: |
Santiago
Imprenta de Julio Belin i Ca.
1854
|
| Izdaja: | 1a. ed |
| Teme: | |
| Oznake: |
Označite
Brez oznak, prvi označite!
|
MARC
| LEADER | 00000nam a2200000 a 4500 | ||
|---|---|---|---|
| 001 | UCJ5277 | ||
| 003 | CL-VaPUC | ||
| 008 | 070124e18541215CL |||||||||||||||||spa|d | ||
| 082 | 0 | 4 | |a 983 |b PER |2 21 |
| 100 | 0 | |a Pérez Rosales, Vicente |e author |9 346608 | |
| 245 | 1 | 0 | |a Memoria sobre emigración, inmigración i colonización, dedicada al Sr. D. Antonio Varas por V. P. R |
| 250 | |a 1a. ed | ||
| 300 | |a 172 p | ||
| 942 | |c BK | ||
| 945 | |d 20070124 00:00:00 |a rinostro | ||
| 260 | |a Santiago |b Imprenta de Julio Belin i Ca. |c 1854 | ||
| 650 | 0 | |a Colonización |9 265172 | |
| 650 | 0 | |a Inmigración |9 268290 | |
| 650 | 0 | |a Emigración |9 343094 | |
| 650 | 0 | |a Demografía |9 260008 | |
| 650 | 0 | |a Colonización |9 265172 | |
| 650 | 0 | |a Extranjeros |9 358057 | |
| 650 | 0 | |a Alemanes |9 452847 | |
| 650 | 0 | |a Historia de Chile |9 265473 | |
| 583 | |a last modification |c 20070124 00:00:00 |k Rodrigo Vera | ||
| 999 | |c 321387 |d 321385 | ||
| 952 | |0 0 |1 0 |4 0 |6 983_000000000000000_PER_1854 |7 0 |8 X |9 400111 |a FDOBUD |b FDOBUD |d 2019-11-22 |i 1032313 |o 983 PER 1854 |p 1032313 |r 2019-11-22 |w 2019-11-22 |y BK_X |k BUD | ||